000 00305nam a22001337a 4500
008 181226b xxu||||| |||| 00| 0 eng d
020 _a9780867095029
041 _aeng
080 _a370
100 _a48
101 _aEDU
245 _aEngaded In Learning Teaching 6 12
_cJanes.s
942 _2udc
_cBK
999 _c53761
_d53761